000 00754cam a22002653a 4500
001 16254
003 PGUSA
005 20140828083340.0
008 050710s2005||||xxu|||||s|||||000 | eng d
040 _aPGUSA
_beng
042 _adc
050 4 _aHV
100 1 _aChapple, W. A.
_q(William Allan),
_d1864-1936
245 1 4 _aThe Fertility of the Unfit
_h[electronic resource] /
_cW. A. Chapple
260 _bProject Gutenberg,
_c2005
506 _aPublic domain in the USA.
516 _aElectronic text
653 _aInvoluntary sterilization
653 _aEugenics
653 _aPopulation
700 1 _aWaddell, Rutherford,
_d1849-1932
830 0 _aProject Gutenberg
_v16254
856 4 0 _uhttp://www.gutenberg.org/ebooks/16254
942 _cEB
999 _c245509
_d245509